000
00297nam a22001337a 4500
008
181226b xxu||||| |||| 00| 0 eng d
020
_a
9780325001098
041
_a
eng
080
_a
370
100
_a
48
101
_a
EDU
245
_a
Regie Routman Conversation
_c
hEINMAN,p
942
_2
udc
_c
BK
999
_c
53779
_d
53779